TDS Enemies with Boss Attribute - Statistics

General Stats
  • This quiz has been taken 23 times
    16 since last reset
  • The average score is 25 of 52
Answer Stats
Answer % Correct
Fallen King
100%
Fallen King (Legacy)
100%
Necromancer
100%
Normal Boss
100%
Slow Boss
100%
Awakened Fallen King
67%
Brute
67%
Dummy Boss
67%
Fallen Giant
67%
Fallen Jester
67%
Fallen Squire
67%
Fallen Swordmaster
67%
Grave Digger
67%
Grave Digger (Legacy)
67%
Molten Boss
67%
Molten Summoner
67%
Patient Zero
67%
Speedy Boss
67%
Void Reaver
67%
Abomination
33%
Amalgamation
33%
Commander
33%
Elite Abnormal
33%
Executioner
33%
Failed Experiment
33%
Fallen Angel
33%
Fallen Honor Guard
33%
Fallen Necromancer
33%
Fallen Shield
33%
Fallen Summoner
33%
Ghoul
33%
Giant Skeleton
33%
Gunslinger
33%
Hidden Boss
33%
Living Experiment
33%
Minigunner
33%
Molten Executioner
33%
Molten Golem
33%
Molten Warlord
33%
Mutagenic Blight
33%
Necromancer King
33%
Nuclear Guardian
33%
Nuclear Monster
33%
Scout
33%
Shotgunner
33%
Super Slime
33%
Super Toxic
33%
Templar
33%
Undead Miner
33%
Wox The Fox
33%
Champion Templar
0%
Super Mutant
0%
No matching quizzes found
Score Distribution
Percent of People with Each Score
Percentile by Number Answered
Your Score History
You have not taken this quiz since the last reset